| 000 | 00451 a2200145 4500 | ||
|---|---|---|---|
| 082 | _a624.1762 SAK | ||
| 090 |
_c2764 _d2764 |
||
| 100 |
_aSAKAMOTA, ISAO _943120 |
||
| 245 | _aSEISMIC PERFOMANCE OF NON STRUCTURAL AND SECONDARY STRUCTURAL ELEMENTS | ||
| 260 |
_aCALIFORNIA _bEARTHQUAKE ENGINEERING RESEARCH _c1978 |
||
| 300 |
_aV, 74P _c27CM |
||
| 500 | _aSTRUCTURAL | ||
| 526 |
_a0 _b0 _c0 _d624_176200000000000_SAK |
||
| 942 |
_2ddc _aMCE _cD _k624.1762 SAK |
||
| 999 |
_c546916 _d546916 |
||